000
00294nam a22001217a 4500
008
180803b xxu||||| |||| 00| 0 eng d
082
_a
813.52
245
_a
Norton Recorded Anthology of Western Music
_c
Naxos
260
_c
2010
300
_a
5
_f
CD
440
_x
9780393133105
942
_2
ddc
_c
MX
999
_c
46769
_d
46769